Programa de orientación educativa y sociolaboral: 3§ de ESO. Cuaderno del alumno

Saved in:
Bibliografiske detaljer
Main Authors: Santana Vega, Lidia E (Author), Brito Fernández, Mónica (Author), Cruz González, Ana E (Author), González Afonso, Miriam C (Author), Luis Luis, María del Cristo (Author), Medina Herrera, María del Carmen (Author)
Format: Bog
Sprog:spansk
Udgivet: Madrid EOS 2003
Serier:EOS Talleres Educativos
Fag:
Tags: Tilføj Tag
Ingen Tags, Vær først til at tagge denne postø!

MARC

LEADER 00000nam a2200000 a 4500
001 UCG1830
003 CL-VaPUC
008 100520e20030000SP |||||||||||||||||spa|d
020 |a 8497270657 
082 0 4 |a 371.422  |b SAN  |2 21 
100 0 |a Santana Vega, Lidia E  |e author  |9 549876 
700 0 |a Brito Fernández, Mónica  |e author  |9 549877 
700 0 |a Cruz González, Ana E  |e author  |9 549878 
700 0 |a González Afonso, Miriam C  |e author  |9 549879 
700 0 |a Luis Luis, María del Cristo  |e author  |9 549880 
700 0 |a Medina Herrera, María del Carmen  |e author  |9 549881 
245 1 0 |a Programa de orientación educativa y sociolaboral: 3§ de ESO. Cuaderno del alumno 
300 |a 83 p 
942 |c BK 
945 |d 20100520 00:00:00  |a dcastane 
260 |a Madrid  |b EOS  |c 2003 
650 7 |a ORIENTACION PEDAGOGICA  |2 CL-VaPUC  |9 334838 
650 0 |a Orientación profesional   |9 308504 
650 7 |a ORIENTADORES  |2 CL-VaPUC  |9 407371 
650 7 |a EDUCACION Y EMPLEO  |2 CL-VaPUC  |9 338744 
650 7 |a ENSEÑANZA PROFESIONAL  |2 CL-VaPUC  |9 549882 
650 0 |a Psicología educacional   |9 307830 
583 |a last modification  |c 20100520 00:00:00  |k Rodrigo Vera 
490 0 |a EOS Talleres Educativos 
999 |c 341089  |d 341087 
952 |0 0  |1 0  |4 0  |6 371_422000000000000_SAN_2003  |7 0  |8 A  |9 436365  |a BIBEDU  |b BIBEDU  |d 2019-11-22  |i 4677722  |o 371.422 SAN 2003  |p 4677722  |r 2019-11-22  |w 2019-11-22  |y BK  |k EPE